000 00714nam a2200229Ia 4500
001 9672
003 GE_BSU
008 181216s||||||||xx |||||||||||||| ||und||
040 _cGE_BSU
080 _a821.353.1–1
100 _aნადირაძე,კოლაუ
245 _aრჩეული
245 _bლექსები
245 _cრედ.რ.ორჯონიკიძე.მხატვ. ი.ჯანაშვილი
260 _aთბილისი
260 _bსაბჭოთა საქართველო
260 _c1968
300 _a360გვ.1ფ.პორტრ.20სმ.
653 _aლექსები
653 _aრჩეული
942 _cBK
999 _c42956
_d42956